International Business Environment (Record no. 981)

MARC details
000 -LEADER
fixed length control field 00405nam a22001577a 4500
005 - DATE AND TIME OF LATEST TRANSACTION
control field 20180327121956.0
008 - FIXED-LENGTH DATA ELEMENTS--GENERAL INFORMATION
fixed length control field 160518b xxu||||| |||| 00| 0 eng d
041 ## - LANGUAGE CODE
Language code of text/sound track or separate title eng
082 ## - DEWEY DECIMAL CLASSIFICATION NUMBER
Item number 2749
Classification number 338.88
100 ## - MAIN ENTRY--AUTHOR NAME
Personal name Cherunilam Francis
245 ## - TITLE STATEMENT
Title International Business Environment
260 ## - PUBLICATION, DISTRIBUTION, ETC. (IMPRINT)
Place of publication New Delhi
Name of publisher Himalaya Publishing House,
Year of publication 2003
300 ## - PHYSICAL DESCRIPTION
Number of Pages 532
650 ## - SUBJECT ADDED ENTRY--TOPICAL TERM
Topical Term Management
942 ## - ADDED ENTRY ELEMENTS (KOHA)
Koha item type Books
Holdings
Lost status Damaged status Collection code Home library Current library Shelving location Date acquired Cost, normal purchase price Full call number Accession Number Koha item type
    MANAGEMENT JRU Library JRU Library SHELF-61-D 18/05/2016 325.00 338.88 2749 Books
      JRU Library   Shelf - 13- D 18/05/2016 325.00 338.88 2750 Books
    Reference JRU Library   SHELF-29-E 18/05/2016 325.00 338.88 2751 Books
    MANAGEMENT JRU Library JRU Library SHELF-61-D 18/05/2016 325.00 338.88 2752 Books
    MANAGEMENT JRU Library JRU Library SHELF-61-D 18/05/2016 325.00 338.88 2753 Books
    MANAGEMENT JRU Library   SHELF-61-D 18/05/2016 325.00 338.88 2754 Books